LEADER 08449nam 22007575 450 001 9910767582603321 005 20251116233945.0 010 $a3-540-68681-9 024 7 $a10.1007/BFb0055035 035 $a(CKB)1000000000210953 035 $a(SSID)ssj0000321520 035 $a(PQKBManifestationID)11246330 035 $a(PQKBTitleCode)TC0000321520 035 $a(PQKBWorkID)10263869 035 $a(PQKB)11304646 035 $a(DE-He213)978-3-540-68681-1 035 $a(PPN)155172131 035 $a(EXLCZ)991000000000210953 100 $a20150519d1998 u| 0 101 0 $aeng 135 $aurnn|008mamaa 181 $ctxt 182 $cc 183 $acr 200 10$aAutomata, Languages and Programming $e25th International Colloquium, ICALP'98, Aalborg, Denmark July 13-17, 1998, Proceedings /$fedited by Kim G. Larsen, Sven Skyum, Glynn Winskel 205 $a1st ed. 1998. 210 1$aBerlin, Heidelberg :$cSpringer Berlin Heidelberg :$cImprint: Springer,$d1998. 215 $a1 online resource (XXXII, 936 p.) 225 1 $aLecture Notes in Computer Science,$x0302-9743 ;$v1443 300 $aBibliographic Level Mode of Issuance: Monograph 311 08$a3-540-64781-3 327 $aAlgorithmic verification of linear temporal logic specifications -- On existentially first-order definable languages and their relation to NP -- An algebraic approach to communication complexity -- Deciding global partial-order properties -- Simple linear-time algorithms for minimal fixed points -- Hardness results for dynamic problems by extensions of Fredman and Saks' chronogram method -- Simpler and faster dictionaries on the AC0 RAM -- Partial-congruence factorization of bisimilarity induced by open maps -- Reset nets between decidability and undecidability -- Geometric algorithms for robotic manipulation -- Compact encodings of planar graphs via canonical orderings and multiple parentheses -- Reducing simple polygons to triangles - A proof for an improved conjecture - -- Difficult configurations ? on the complexity of LTrL -- On the expressiveness of real and integer arithmetic automata -- Distributed matroid basis completion via elimination upcast and distributed correction of minimum-weight spanning trees -- Independent sets with domination constraints -- Robust asynchronous protocols are finite-state -- Deciding bisimulation-like equivalences with finite-state processes -- Do probabilistic algorithms outperform deterministic ones? -- A degree-decreasing Lemma for (MOD q, MOD p) circuits -- Improved pseudorandom generators for combinatorial rectangles -- Translation validation for synchronous languages -- An efficient and unified approach to the decidability of equivalence of propositional programs -- On branching programs with bounded uncertainty -- CONS-free programs with tree input -- Concatenable graph processes: Relating processes and derivation traces -- Axioms for contextual net processes -- Existential types: Logical relations and operational equivalence -- Optimal sampling strategies in quicksort -- A genuinely polynomial-time algorithm for sampling two-rowed contingency tables -- A modular approach to denotational semantics -- Generalised flowcharts and games -- Efficient minimization of numerical summation errors -- Efficient approximation algorithms for the subset-sums equality problem -- Structural recursive definitions in type theory -- A good class of tree automata. Application to inductive theorem proving -- Locally periodic infinite words and a chaotic behaviour -- Bridges for concatenation hierarchies -- Complete proof systems for observation congruences in finite-control ?-calculus -- Concurrent constraints in the fusion calculus -- On computing the entropy of cellular automata -- On the determinization of weighted finite automata -- Bulk-synchronous parallel multiplication of boolean matrices -- A complex example of a simplifying rewrite system -- On a duality between Kruskal and Dershowitz theorems -- A total AC-compatible reduction ordering on higher-order terms -- Model checking game properties of multi-agent systems -- Limited wavelength conversion in all-optical tree networks -- Computing mimicking networks -- Metric semantics for true concurrent real time -- The regular real-time languages -- Static and dynamic low-congested interval routing schemes -- Low-bandwidth routing and electrical power networks -- Constraint automata and the complexity of recursive subtype entailment -- Reasoning about the past with two-way automata -- A neuroidal architecture for cognitive computation -- Deterministic polylog approximation for minimum communication spanning trees -- A polynomial time approximation scheme for euclidean minimum cost k-connectivity -- Global/local subtyping and capability inference for a distributed ?-calculus -- Checking strong/Weak bisimulation equivalences and observation congruence for the ?-calculus -- Inversion of circulant matrices over Zm -- Application of Lempel-Ziv encodings to the solution of word equations -- Explicit substitutitions for constructive necessity -- The relevance of proof-irrelevance -- New horizons in quantum information processing -- Sequential iteration of interactive arguments and an efficient zero-knowledge argument for NP -- Image density is complete for non-interactive-SZK -- Randomness spaces -- Totality, definability and boolean circuits -- Quantum counting -- On the complexity of deriving score functions from examples for problems in molecular biology -- A hierarchy of equivalences for asynchronous calculi -- On asynchrony in name-passing calculi -- Protection in programming-language translations -- Efficient simulations by queue machines -- Power of cooperation and multihead finite systems -- A simple solution to type specialization -- Multi-stage programming: axiomatization and type safety. 330 $aThis book constitutes the refereed proceedings of the 25th International Colloquium on Automata, Languages and Programming, ICALP'98, held in Aalborg, Denmark, in July 1998. The 70 revised full papers presented together with eight invited contributions were carefully selected from a total of 182 submissions. The book is divided in topical sections on complexitiy, verification, data structures, concurrency, computational geometry, automata and temporal logic, algorithms, infinite state systems, semantics, approximation, thorem proving, formal languages, pi-calculus, automata and BSP, rewriting, networking and routing, zero-knowledge, quantum computing, etc. 410 0$aLecture Notes in Computer Science,$x0302-9743 ;$v1443 606 $aSoftware engineering 606 $aComputers 606 $aData structures (Computer science) 606 $aComputer graphics 606 $aComputer networks 606 $aArtificial intelligence 606 $aSoftware Engineering/Programming and Operating Systems$3https://scigraph.springernature.com/ontologies/product-market-codes/I14002 606 $aTheory of Computation$3https://scigraph.springernature.com/ontologies/product-market-codes/I16005 606 $aData Structures$3https://scigraph.springernature.com/ontologies/product-market-codes/I15017 606 $aComputer Graphics$3https://scigraph.springernature.com/ontologies/product-market-codes/I22013 606 $aComputer Communication Networks$3https://scigraph.springernature.com/ontologies/product-market-codes/I13022 606 $aArtificial Intelligence$3https://scigraph.springernature.com/ontologies/product-market-codes/I21000 615 0$aSoftware engineering. 615 0$aComputers. 615 0$aData structures (Computer science) 615 0$aComputer graphics. 615 0$aComputer networks. 615 0$aArtificial intelligence. 615 14$aSoftware Engineering/Programming and Operating Systems. 615 24$aTheory of Computation. 615 24$aData Structures. 615 24$aComputer Graphics. 615 24$aComputer Communication Networks. 615 24$aArtificial Intelligence. 676 $a005.1 702 $aLarsen$b Kim G$4edt$4http://id.loc.gov/vocabulary/relators/edt 702 $aSkyum$b Sven$4edt$4http://id.loc.gov/vocabulary/relators/edt 702 $aWinskel$b G$g(Glynn),$4edt$4http://id.loc.gov/vocabulary/relators/edt 906 $aBOOK 912 $a9910767582603321 996 $aAutomata, languages and programming$9339738 997 $aUNINA